LEADER 00874cam0-2200301---450- 001 990004882080403321 005 20080520093905.0 035 $a000488208 035 $aFED01000488208 035 $a(Aleph)000488208FED01 035 $a000488208 100 $a19990604d1947----km-y0itay50------ba 101 0 $aeng 102 $aUS 105 $ay-------001yy 200 1 $aArmed forces' foreign language teaching$ecritical evaluation and implications$fby Paul F. Angiolillo 210 $aNew York$cVanni$dc1947 215 $aVI, 440 p.$d24 cm 610 0 $aLingue moderne$aStudio e insegnamento 676 $a407 700 1$aAngiolillo,$bPaul F.$0195559 801 0$aIT$bUNINA$gRICA$2UNIMARC 901 $aBK 912 $a990004882080403321 952 $a407 ANG 1$fFLFBC 959 $aFLFBC 996 $aArmed forces' foreign language teaching$9519943 997 $aUNINA LEADER 01107nam a22002531i 4500 001 991002067469707536 005 20040223132908.0 008 040407s1992 it |||||||||||||||||ita 035 $ab12865850-39ule_inst 035 $aARCHE-084547$9ExL 040 $aDip.to Scienze Storiche$bita$cA.t.i. Arché s.c.r.l. Pandora Sicilia s.r.l. 082 04$a355.0330 100 1 $aCotta, Maurizio$0118838 245 10$aNew party systems after the dictatorship :$bdimensions of analysis : the east European cases in a comparative perspective /$cMaurizio Cotta 260 $aSiena :$bUniversità degli studi,$c1992 300 $a43 p. ;$c25 cm 440 0$aWorking papers / Dipartimento di scienze storiche giuridiche politiche e sociali ;$v9 650 4$aPolitica$zEuropa orientale 907 $a.b12865850$b02-04-14$c16-04-04 912 $a991002067469707536 945 $aLE009 STOR.50-231/5$g1$i2009000318557$lle009$o-$pE0.00$q-$rl$s- $t0$u0$v0$w0$x0$y.i13426576$z16-04-04 996 $aNew party systems after the dictatorship$9303039 997 $aUNISALENTO 998 $ale009$b16-04-04$cm$da $e-$fita$git $h0$i1